|
|
|
|
| LEADER |
00000nas a2200000 a 4500 |
| 001 |
ssj0007025 |
| 003 |
WaSeSS |
| 005 |
20200512172242.0 |
| 006 |
m d |
| 007 |
cr n |
| 008 |
980824c19519999oncmr pss 0 a0eng c |
| 010 |
|
|
|a cn 99790013
|
| 015 |
|
|
|a 99790013X
|2 can
|
| 015 |
|
|
|a 99790013X v̌
|2 can
|
| 016 |
|
|
|a (AMICUS)000017915157
|
| 016 |
7 |
|
|a 1482256-8
|2 DE-600
|
| 022 |
|
|
|a 1480-3291
|l 0008-4042
|y 0008-4042
|
| 035 |
|
|
|a (WaSeSS)ssj0007025
|
| 037 |
|
|
|b Canadian Science Publishing, Subscription Office, PO Box 361, Birmingham, AL 35201-0361
|
| 040 |
|
|
|a F#A
|b eng
|e pn
|c F#A
|d NLC
|d OCL
|d OCLCQ
|d EEM
|d OCLCQ
|d DEBBG
|d OCLCQ
|d OCLCF
|d OCLCE
|d CNTRU
|d OCLCQ
|d DLC
|d OCLCO
|d OCLCQ
|d VT2
|d OCLCQ
|d WT2
|d ZAC
|d DLC
|d RCE
|d U3W
|d OCLCQ
|d UMC
|d LND
|d J9U
|d OCLCQ
|d WaSeSS
|
| 041 |
0 |
|
|a eng
|b fre
|
| 042 |
|
|
|a nlc
|a isds/c
|a dlr
|a pcc
|
| 043 |
|
|
|a n-cn---
|
| 050 |
1 |
4 |
|a QD1
|
| 082 |
0 |
4 |
|a 540/.5
|2 21
|
| 130 |
0 |
|
|a Canadian journal of chemistry (Online)
|
| 210 |
0 |
|
|a Can. j. chem.
|b (Online)
|
| 222 |
|
0 |
|a Canadian journal of chemistry
|b (Online)
|
| 245 |
1 |
0 |
|a Canadian journal of chemistry
|h [electronic resource] =
|b Revue candienne de chimie.
|
| 246 |
3 |
1 |
|a Revue canadienne de chemie
|
| 246 |
1 |
|
|a Journal canadien de chimie
|
| 260 |
|
|
|a Ottawa, Canada :
|b National Research Council,
|c [1951]-
|
| 260 |
3 |
|
|3 <2010->
|a Ottawa, ON :
|b Canadian Science Publishing
|
| 310 |
|
|
|a Monthly
|
| 362 |
0 |
|
|a Vol. 29, no. 1 (Jan. 1951)-
|
| 506 |
|
|
|a License restrictions may limit access.
|
| 516 |
8 |
|
|a Electronic serial in HTML, TOC and PDF formats.
|
| 538 |
|
|
|a Master and use copy. Digital master created according to Benchmark for Faithful Digital Reproductions of Monographs and Serials, Version 1. Digital Library Federation, December 2002.
|u http://purl.oclc.org/DLF/benchrepro0212
|5 MiAaHDL
|
| 546 |
|
|
|a Articles in English; summaries in English and French.
|
| 550 |
|
|
|a Volumes for 2011- issued by NRC Research Press.
|
| 583 |
1 |
|
|a digitized
|c 2010
|h HathiTrust Digital Library
|l committed to preserve
|2 pda
|5 MiAaHDL
|
| 588 |
|
|
|a Description based on print version record.
|
| 588 |
|
|
|a Latest issue consulted: Vol. 96, no. 8 (Aug. 2018) (publisher's Web site, viewed August 16, 2018).
|
| 650 |
|
0 |
|a Chemistry
|v Periodicals.
|
| 650 |
|
0 |
|a Chemistry
|x Research
|v Periodicals.
|
| 650 |
|
6 |
|a Chimie
|v Périodiques.
|
| 650 |
|
7 |
|a Chemistry.
|2 fast
|0 (OCoLC)fst00853344
|
| 650 |
|
7 |
|a Chemistry
|x Research.
|2 fast
|0 (OCoLC)fst00853409
|
| 650 |
1 |
7 |
|a Chemie.
|2 gtt
|
| 655 |
|
0 |
|a Electronic journals.
|
| 710 |
2 |
|
|a National Research Council of Canada.
|
| 710 |
2 |
|
|a National Research Council Canada.
|
| 710 |
2 |
|
|a NRC Research Press.
|
| 776 |
0 |
8 |
|i Print version:
|t Canadian journal of chemistry
|x 0008-4042
|w (DLC) 54024664
|w (OCoLC)2248672
|
| 780 |
0 |
0 |
|t Canadian journal of research. Section B, Chemical sciences
|w (OCoLC)609913762
|
| 856 |
4 |
0 |
|z Full text available from Research Library: 03/01/1998 to 06/30/2007
|u https://search.proquest.com/publication/47615
|